Lịch sử văn học Trung Quốc Văn học Nguyên - Minh - Thanh T.3
Giới thiệu lịch sử văn học, các tác gia, tác phẩm tiêu biểu của Trung Quốc qua các triều đại: Tống, Nguyên, Minh và Thanh ; NV Văn học Trung Quốc
Salvato in:
| Autore principale: | |
|---|---|
| Natura: | Libro |
| Lingua: | Undetermined |
| Pubblicazione: |
H.
Giáo dục
1995
|
| Soggetti: | |
| Accesso online: | http://lrc.tdmu.edu.vn/opac/search/detail.asp?aID=2&ID=6510 |
| Tags: |
Aggiungi Tag
Nessun Tag, puoi essere il primo ad aggiungerne! !
|
| Thư viện lưu trữ: | Trung tâm Học liệu Trường Đại học Thủ Dầu Một |
|---|
| LEADER | 00926nam a2200229Ia 4500 | ||
|---|---|---|---|
| 001 | TDMU_6510 | ||
| 008 | 210410s9999 xx 000 0 und d | ||
| 082 | |a 895.1 | ||
| 090 | |b L302 | ||
| 100 | |a Sở nghiên cứu văn học | ||
| 245 | 0 | |a Lịch sử văn học Trung Quốc | |
| 245 | 0 | |b Văn học Nguyên - Minh - Thanh | |
| 245 | 0 | |c Lê Huy Tiêu | |
| 245 | 0 | |n T.3 | |
| 260 | |a H. | ||
| 260 | |b Giáo dục | ||
| 260 | |c 1995 | ||
| 300 | |a 721tr | ||
| 520 | |a Giới thiệu lịch sử văn học, các tác gia, tác phẩm tiêu biểu của Trung Quốc qua các triều đại: Tống, Nguyên, Minh và Thanh ; NV Văn học Trung Quốc | ||
| 650 | |a Văn học Trung Quốc; Nhà Nguyên; Nhà Thanh; Nhà Minh | ||
| 856 | |u http://lrc.tdmu.edu.vn/opac/search/detail.asp?aID=2&ID=6510 | ||
| 980 | |a Trung tâm Học liệu Trường Đại học Thủ Dầu Một | ||